000 00579nam a2200217Ia 4500
003 OSt
005 20220926040740.0
006 a|||||r|||| 00| 0
007 ta
008 220923b |||||||| |||| 00| 0 eng d
037 _cGeneral Book
040 _aRTL
_cRTL
_beng
041 _2eng
_aeng
082 _aYogF, G2
100 _aFilene Edward A
_9344066
245 0 _aSuccessful living in this machine age
260 _c1932
700 _a Wood Charles W
_9344067
942 _hYogF, G2
_cGB
_2CC
999 _c665588
_d665588